Election Boycott in a Hybrid Regime: The case of 2020 Parliamentary Elections in Serbia

Opis parlamentných volieb v Srbsku v roku 2020. Oznámenie o bojkote volieb s cieľom obrátiť medzinárodnú pozornosť na to, čo jeho lídri označujú za oslabovanie demokracie v Srbsku. Obvinenie prezidenta Vučiča z kontroly hlavných médií. Výsledky volieb.

Salvato in:
Dettagli Bibliografici
Autore principale: Bursać, Dejan
Altri autori: Vučićević, Dušan
Natura: Capitolo di libro
Lingua:inglese
Soggetti:
Tags: Aggiungi Tag
Nessun Tag, puoi essere il primo ad aggiungerne!!

MARC

LEADER 00000naa a2200000 4500
001 0278636
005 20210922092049.9
041 0 |a eng 
044 |a CZ 
245 1 0 |a Election Boycott in a Hybrid Regime: The case of 2020 Parliamentary Elections in Serbia  |c Dejan Bursać, Dušan Vučićević 
520 |a Opis parlamentných volieb v Srbsku v roku 2020. Oznámenie o bojkote volieb s cieľom obrátiť medzinárodnú pozornosť na to, čo jeho lídri označujú za oslabovanie demokracie v Srbsku. Obvinenie prezidenta Vučiča z kontroly hlavných médií. Výsledky volieb. 
610 2 0 |a voľby 
610 2 0 |a parlamenty 
610 2 0 |a strany politické 
610 2 0 |a vláda 
610 2 0 |a kampane volebné 
610 2 0 |a demokracia 
610 2 0 |a Srbsko 
100 1 |a Bursać, Dejan 
700 1 |a Vučićević, Dušan